Štíhla logistika ako metóda moderného skladovania

Návrh optimalizácie logistických operácií vybraného podniku na ktorých bude aplikovaná metóda MTM-logistika ako nástroj štíhlej logistiky. MTM-logistika definuje štandardné procesy v logistike, opisuje a zároveň im priraďuje pravidlá a ovplyvňujúce veličiny, na základe ktorých je možné takémuto proc...

Ausführliche Beschreibung

Gespeichert in:
Bibliographische Detailangaben
1. Verfasser: Kopták, Michal
Format: Buchkapitel
Sprache:Slowakisch
Schlagworte:
Tags: Tag hinzufügen
Keine Tags, Fügen Sie das erste Tag hinzu!

MARC

LEADER 00000nla a2200000 4500
001 0219467
005 20240502083545.6
041 0 |a slo 
044 |a CZ 
245 1 0 |a Štíhla logistika ako metóda moderného skladovania  |c Michal Kopták 
520 |a Návrh optimalizácie logistických operácií vybraného podniku na ktorých bude aplikovaná metóda MTM-logistika ako nástroj štíhlej logistiky. MTM-logistika definuje štandardné procesy v logistike, opisuje a zároveň im priraďuje pravidlá a ovplyvňujúce veličiny, na základe ktorých je možné takémuto procesu určiť časovú normu podľa tabuliek. Návrh štandardov logistických procesov, ktoré zvyšujú produktivitu práce a znižujú náklady spojené s outsourcingom vo vybranom podniku. 
610 2 0 |a logistika štíhla 
610 2 0 |a manažment logistický 
610 2 0 |a kontroling logistický 
610 2 0 |a stratégia logistická 
610 2 0 |a systémy logistické 
610 2 0 |a logistika podniková 
100 1 |a Kopták, Michal